LEADER 01130nam a2200265 i 4500 001 000000176548 003 CaOOAMICUS 005 20081211000000.0 008 081211s1997 it u000 u ita u 013 $a154037 020 $a978-88-85227-94-1 040 $aSeMil$bita 100 1 $aRossi de Gasperis, Francesco,$c.$0(OLS)http://semarc/name/3731 245 10$aMaria di Nazaret :$bicona di Israele e della Chiesa /$cFrancesco Rossi De Gasperis. 260 $aMagnano :$bQiqajon,$c1997. 300 $a142 p. ;$c18 cm. 490 0 $aSpiritualitą biblica 650 4$aMaria - Epoca antenicena.$0(OLS)http://semarc/subject/9112 830 0$aSpiritualitą biblica.$0(OLS)http://semarc/title/7888 850 $aSeMil 852 $aSeMil$W1$xVenegono$y1$m2L VII 42$j254865$B127368$CSeMilBibl$Z2$F137784 $81 961 $aOmaggio: Delpini mons. Mario 996 $6020$a978-88-85227-94-1$9(OLS)http://semarc/number/165148 996 $6245$aMaria di Nazaret :$bicona di Israele e della Chiesa$9(OLS)http://semarc/title/253441 996 $6260$aMagnano :$bQiqajon$9(OLS)http://semarc/publisher/32326 LEADER 01134nam a2200265 i 4500 001 000000114914 003 CaOOAMICUS 005 20241031114725.0 008 170613s1999 it u000 u eng u 020 $a978-0-553-50592-4 040 $aSeMil$bita 100 1 $aO'Donohue, John.$0(OLS)http://semarc/name/91086 240 10$aAnam Cara.$0(OLS)http://semarc/title/403003 245 10$aAnam Cara :$b[spiritual wisdom from the celtic world] /$cJohn O'Donohue. 264 1$aLondon [etc.] :$bBantam Books,$c1999. 300 $a280 p. ;$c20 cm. 650 4$aCelti - Spiritualitą.$0(OLS)http://semarc/subject/56569 650 4$aCelti - Religione.$0(OLS)http://semarc/subject/52922 850 $aSeMil 852 $aSeMil$W1$xVenegono$y1$m2X V 327$j251992$B70455$CSeMilBibl$Z2$F75252 $81 961 $aLascito: Coronelli don Renato 996 $6020$a978-0-553-50592-4$9(OLS)http://semarc/number/273282 996 $6245$aAnam Cara :$b[spiritual wisdom from the celtic world]$9(OLS)http://semarc/title/407612 996 $6264$aLondon [etc.] :$bBantam Books$9(OLS)http://semarc/publisher/57081